000 00569nam a2200241Ia 4500
003 IT-RoPAU
005 20220918175651.0
008 120407s9999 xx 000 0 und d
040 _aIT-RoPAU
040 _cIT-RoPAU
041 _aita
100 _aJurgen Werbick
_935229
245 _aEssere responsabili della fede. Una teologia fondamentale
250 _aBrescia
260 _aQueriniana
260 _c2002
300 _a1076 p.
300 _c23 cm
490 _aBiblioteca di Teologia Contemp.
490 _v1122
942 _cBK
_2ddc
999 _c24247
_d24247